000 00777nas a2200253 i 4500
001 2213
003 ES-MaACL
005 20250809062535.0
007 t|
008 950801c1904 sz | | 1 ||er d
080 _a34
245 0 0 _aSchweizerische Juristen-Zeitung
_b= Revue suisse de jurisprudence /
_cpublikation sorgan des Schweizerischen Anwaltsverbandes.
260 _aZürich :
_bSchulthess und Co,
_c1904.
300 _a2 v. ;
_c27 cm.
310 _aQuincenal
362 0 _aAño I (1904)
500 _aRevista redactada en aleman y francés.
650 1 7 _aDerecho
_2embne
_911602
710 2 _aSchweizerischen Anwaltsverbandes (
_cZurich)
_9194440
852 _aES-MaACL
_jHem-459
866 0 _o(1946)1947-48.
999 _c2213
_d2213